Представление документа в формате RUSMARC

ПолеНазваниеЗначение
  Тип записи i
  Библиографический уровень m
001 Контрольный номер RU/IS/BASE/449597139
005 Дата корректировки 20201206204915.5
010 Индекс ISBN __
a ISBN 978-5-9677-0593-9
d Цена 232-46
101 Язык документа 0_
a Язык текста rus
127 Кодированные данные (звукозаписи-физические характеристики) __
a Продолжительность проигрывания 58 мин
200 Заглавие и сведения об ответственности 1_
a Заглавие Толстой и Достоевский. Семья и дети
e Сведения, относящиеся к заглавию [ист. исслед. : аудиокнига]
f Первые сведения об ответственности Игорь Волгин ; [исполн. авт. ; муз. ред. Лев Залесский ; звукозап.: Виктор Приз, Александр Михлин ; ред. Лариса Дягилева]
b Общее обозначение материала Звукозапись
210 Выходные данные __
a Место издания Москва
c Издательство 1С-Паблишинг
c Издательство Три Сестры
d Дата издания 2007
215 Физическое описание __
a Объем 1 электрон. опт. диск (Audio CD)
c Иллюстрации/тип воспроизводства MP3, Stereo
d Формат 12
225 Серия __
a Серия Читает автор
225 Серия __
a Серия 1С: Аудиокниги
230 Специфическая характеристика материала: электронные ресурсы __
a Обозначение и объем ресурса Электронные звуковые данные
300 Общие примечания __
a Общие примечания Загл. с контейнера
300 Общие примечания __
a Общие примечания С муз. сопровождением
a Общие примечания Из цикла: "Последний год Достоевского"
323 Примечание о главных создателях, исполнителях, участниках __
a Примечание о главных создателях, исполнителях, участниках Волгин, И. В. (читает)
330 Аннотация __
a Аннотация «Нельзя механически сравнивать Толстого и Достоевского: слишком различны их житейские и семейные обстоятельства. Перед автором «Преступления и наказания», чьи материальные возможности не превышали прожиточного минимума интеллигентной семьи среднего достатка, - перед ним никогда не возникало специфической толстовской дилеммы». «Толстой отдаляется от семьи потому, что не может принять весь строй ее жизни, ее материальной избыточности, ее культурного - по сравнению с окружающей средой - монополизма. Он охладевает не к семье как таковой, а к определенному «Барскому» типу семьи, распространяя эту свою неприязнь на конкретные условия Ясной Поляны. Толстой мечтает избавиться от земельной собственности, Достоевский – приобрести ее: каждого тянет к тому, чего у него нет».
333 Примечание о целевом назначении __
a Примечание о целевом назначении 12+. Для детей старше 12 лет
337 Примечание о системных требованиях (электронные ресурсы) __
a Примечание о системных требованиях (электронные ресурсы) Системные требования: MS Windows 95/98/Me/NT/2000/XP ; Pentium ; 32 Мб оперативной памяти ; видеоадаптер SVGA 800х600 ; 2 Мб свободного места на жестком диске ; устройство чтения CD-ROM ; звуковая карта ; наушники или внешние динамики ; мышь
517 Другие варианты заглавия __
a Другие варианты заглавия Семья и дети
600 Персоналии __
a Персоналии (Фамилия) Толстой, Л. Н.
f Даты 1828-1910
g Полное имя Лев Николаевич
600 Персоналии __
a Персоналии (Фамилия) Достоевский, Ф. М.
f Даты 1821-1881
g Полное имя Федор Михайлович
606 Тематические рубрики __
a Основная рубрика Литературоведение
606 Тематические рубрики __
a Основная рубрика Русская литература XIX в. (произведения)
z Хронологическая подрубрика 19 в.
y Географическая подрубрика Россия
610 Ключевые слова __
a Ключевые слова мемуары; художественная проза; документальная проза; проза; литературный анализ; анализ творчества; писатели; тема семьи; тема детей; тема творчества; критики; литературные критики
686 Индексы других классификаций __
2 Код системы rubbks
a Классификационный индекс 83.3(2=411.2)52-8я04; ст83.3(2Рос=Рус)1г.я0
700 Автор _1
a Фамилия Волгин
b Имя И. В.
g Полное личное имя Игорь Валентинович
4 Код отношения 070
702 Вторичная интеллектуальная ответственность _1
a Фамилия Залесский
b Имя Л.
4 Код отношения Прочие
g Полное личное имя Лев
4 Код отношения 570
702 Вторичная интеллектуальная ответственность _1
a Фамилия Приз
b Имя В.
4 Код отношения Прочие
g Полное личное имя Виктор
4 Код отношения 570
702 Вторичная интеллектуальная ответственность _1
a Фамилия Михлин
b Имя А.
4 Код отношения Прочие
g Полное личное имя Александр
4 Код отношения 570
702 Вторичная интеллектуальная ответственность _1
a Фамилия Дягилева
b Имя Л.
4 Код отношения Редактор
g Полное личное имя Лариса
4 Код отношения 340
801 Источник записи _0
a Страна RU
b Организация Муниципальное бюджетное учреждение культуры "Централизованная библиотечная система" г. Сургут (Центральная городская библиотека им. А. С. Пушкина)
g Правила каталогизации КиК/Коробейникова
801 Источник записи _1
a Страна RU
b Организация Муниципальное бюджетное учреждение культуры "Централизованная библиотечная система" г. Сургут (Центральная городская библиотека им. А. С. Пушкина)
g Правила каталогизации КиК/Коробейникова
852 Данные о местонахождении __
j Шифр хранения 83.3(2=411.2)52-8я04
i Авторский знак В 67
901 Тип документа __
t Тип документа 0
903 Характеристики (МАРС) __
a Дата передачи 20140331
969 Тип издания __
a Тип издания аудиокнига; издание для детей; издание для слепых
990 Данные о заказе (DOS) __
j Количество экземпляров (DOS) 5
t N записи в КСУ для И/У (DOS) 201404